000 00393nam a2200169Ia 4500
003 OSt
005 20240212120033.0
008 170619s9999 xx 000 0 und d
020 _a9781574442502
040 _cIIMT ENGINEERING COLLEGE
100 _aDorf- Richard C.
245 0 _aMillennium stocks
260 _bLondon St. Lucie
260 _c2000
546 _aENGLISH
942 _2ddc
_c02
999 _c22019
_d22019